000 00366nam a22001697a 4500
005 20160620165951.0
008 160620b xxu||||| |||| 00| 0 eng d
020 _a0-13-557869-8
041 _aeng
082 _b8614
100 _aOliver, Gordon
_92354
245 _aMarketing Today
260 _bPHI
300 _a412
650 _aManagement
_9241
942 _cBK
999 _c3327
_d3326